Güçlü titreşimler: (Record no. 13440)

MARC details
000 -BAŞLIK
Sabit Uzunlukta Kontrol Alanı 00929nam a2200277 4500
999 ## - SİSTEM KONTROL NUMARALARI (KOHA)
Koha Biblionumber 13440
Koha Biblioitemnumber 13440
003 - KONTROL NUMARASI IDENTIFIER
Denetim Alanı MIRAKIL
005 - SON İŞLEM TARİHİ VE ZAMANI
Denetim Alanı 20190726152531.0
008 - SABİT-BOY VERİ ELEMANLARI - GENEL BİLGİLER
Sabit Uzunlukta Kontrol Alanı 190726b tu ||||| |||| 00| 0 tur d
020 ## - ULUSLARARASI STANDART KİTAP NUMARASI
Uluslararası Standart Kitap Numarası 9789754039863
040 ## - KATALOGLAMA KAYNAK
Orijinal Kataloglama Ajansı TR-AnCHP
Metne Dönüştürmek Ajansı TR-AnCHP
041 ## - DİL KODU
Metin / Ses Parça Veya Ayrı Başlığın Dil Kodu tur
082 ## - DEWEY ONLU SINIFLANDIRMA NUMARASI
Sınıflandırma Numarası 780
Ürün Numarası P26g 2015
100 ## - ANA GİRİŞ - KİŞİSEL İSİM
Kişisel Ad Parker, Barry
245 10 - BAŞLIK TABLOSU
Başlık Güçlü titreşimler:
Başlığın Kalan Müziğin fiziği /
Sorumluluk Tablosu, Vb Barry Parker ; çeviri: Cenk Güray, Mahmut Sözer
246 ## - UNVAN FORM VARYING
Başlık Doğru / Kısa Başlığı Müziğin fiziği
260 ## - YAYIN, DAĞITIM, VB
Yayın, Dağıtım, Vb Yeri Ankara:
Yayıncı, Dağıtıcı, Vs Adı TÜBİTAK Popüler Bilim Kitapları,
Yayın, Dağıtım, Vb Tarihi 2015.
Üretici Firma Semih ofset.
300 ## - FİZİKSEL TANIM
Kapsam 321 s.:
Diğer Fiziksel Ayrıntıları çiz.,
Boyutlar 21 sm.
490 0# - SERİSİ TABLOSU
Seri Beyanı TÜBİTAK Popüler Bilim Kitapları;
Hacim / Ardışık Tanımı 725.
500 ## - GENEL NOT
Genel Not Yapıtın özgün adı: Good vibrations : the physics of music
504 ## - KAYNAKÇA VB NOT
Kaynakça Vb Notu Kaynakça ve dizin vardır.
650 #0 - KONU KATMA GİRİŞ - TOPİKAL DÖNEM
9 (RLIN) 5893
Topikal Süreli Veya Coğrafi Ad Giriş Elemanı Müzik
700 ## - KATMA GİRİŞ - KİŞİSEL İSİM
9 (RLIN) 5915
Kişisel Ad Güray, Cenk
Relator Terim çev.
700 ## - KATMA GİRİŞ - KİŞİSEL İSİM
9 (RLIN) 5916
Kişisel Ad Sözer, Mahmut
Relator Terim çev.
740 ## - KATMA GİRİŞ - KONTROLSUZ İLGİLİ / ANALİTİK BAŞLIK
Kontrol Edilmeyen / İlgili Analitik Başlıktaki Müziğin Fiziği
942 ## - EKLENDİ GİRİŞ ELEMANLARI (KOHA)
Sınıflandırma Veya Raf Düzeni Kaynak Dewey Decimal Classification
Koha Öğesi Türü Books
Holdings
Kalıcı Konum Mevcut Konum Edinme Tarihi Toplam Check-Out'Lar Tam Çağrı Numarası Barkod Tarih Son Görülme İtibaren Geçerli Fiyatlar Koha Öğesi Türü
CHP Kütüphanesi CHP Kütüphanesi 07/26/2019   780 P26g 2015 011982 07/26/2019 07/26/2019 Books